Neural network based speech recognizer /
Saved in:
| Main Author: | |
|---|---|
| Format: | Thesis Book |
| Language: | English |
| Published: |
1994.
|
| Subjects: | |
| Tags: |
Add Tag
No Tags, Be the first to tag this record!
|
| LEADER | 00812cam a2200241 a 4500 | ||
|---|---|---|---|
| 001 | u394875 | ||
| 003 | SIRSI | ||
| 008 | 960403s1994 si v 00 1 eng m | ||
| 035 | |a ABZ-8858 | ||
| 040 | |a UMM | ||
| 090 | |a TK7882 |b S65Mur | ||
| 100 | 1 | 0 | |a Muralidharan, V. |
| 245 | 1 | 0 | |a Neural network based speech recognizer / |c V. Muralidharan. |
| 260 | |c 1994. | ||
| 300 | |a vi, 156 leaves : |b ill. ; |c 31 cm. | ||
| 502 | |a Dissertation (M.Sc.) -- National University of Singapore, 1994. | ||
| 504 | |a Bibliography: leaves 144-156. | ||
| 650 | 0 | |a Neural networks (Computer science) | |
| 650 | 0 | |a Automatic speech recognition. | |
| 650 | 0 | |a Speech processing systems. | |
| 948 | |a 03/04/1996 |b 25/11/2000 | ||
| 596 | |a 1 | ||
| 999 | |a F TK7882 S65MUR |w LC |c 1 |i A505467678 |d 6/10/2008 |e 6/10/2008 |l STACKS |m P01UTAMA |n 6 |r Y |s Y |t TESIS |u 1/7/1996 | ||
